000 00940nam a2200253Ia 4500
003 OSt
005 20221005103111.0
006 a|||||r|||| 00| 0
007 ta
008 221004b |||||||| |||| 00| 0 hin d
024 _a32107
037 _cTextual
040 _aCRL
_cCRL
_bhin
041 _2hin
_ahin
082 _aO152,1J32,3, L3
100 _aतुलसीदास
245 0 _aकवितावली सटीक - टीकाकार पं. चन्द्रशेखर शास्त्री
246 _aKavitāvalī saṭīk - ṭīkākār panchandrashekhar shāstrī
260 _aइलाहाबाद
_bसाहित्य भवना प्रा. लिमिटेड भारत
_c1973
300 _a255पृ.
_ccm.
650 _aहिन्दी कविता
942 _hO152,1J32,3, L3
_cTEXL
_2cc
999 _c1009442
_d1009442